Представление документа в формате RUSMARC

ПолеНазваниеЗначение
  Тип записи a
  Библиографический уровень a
001 Контрольный номер f11c59ea4e2a4345b1cd5fe6095943a7
005 Дата корректировки 20260410161207.1
100 Данные общей обработки __
a Данные общей обработки 20260410 ||| 0rusy0189 ca
101 Язык документа 0_
a Язык текста rus
102 Страна публикации __
a Страна публикации RU
200 Заглавие и сведения об ответственности 1_
a Заглавие Воплощение Бастет
e Сведения, относящиеся к заглавию [о сфинксе - породе кошек]
f Первые сведения об ответственности Мари Ав
461 Уровень набора _0
1 2000
a Тошка и компания
463 Уровень физической единицы _0
1 2000
a № 2
v С. 10-13 : фот.
1 2101
d 2026
1 00199bf9cf24c06493f8aea2566489179c0
606 Тематические рубрики 0_
a Основная рубрика Кошки. Фелинология
610 Ключевые слова 0_
a Ключевые слова кошки, породы кошек, сфинксы, донской сфинкс, канадский сфинкс, бесшёрстные кошки, лысые кошки
686 Индексы других классификаций __
a Классификационный индекс 46.74
700 Автор _1
a Фамилия Ав
b Имя (инициалы) М.
g Полное личное имя Мари
801 Источник записи _0
a Страна RU
b Организация УОБДЮ
c Дата составления 20260410
g Правила каталогизации RCR
801 Источник записи _1
a Страна RU
b Организация УОБДЮ
c Дата составления 20260410
g Правила каталогизации RCR
901 Тип документа __
t Тип документа b
w Контрольный № источника 99bf9cf24c06493f8aea2566489179c0
905 Данные по созданию БЗ __
b Логин пользователя, который создал БЗ ibo3